000 00825nam a2200289Ia 4500
005 20260324132720.0
008 008 260324s9999 xx 000 0 eng d
020 _a9780429224584
037 _aEBOOK
040 _aCRL
040 _beng
040 _cCRL
041 _2eng
041 _aeng
084 _qCRL
100 _aAlessandro Tarantino; Claudio Mancuso
_91190345
245 0 _aUnsaturated Soils - Advances in Testing, Modelling and Engineering Applications
245 0 _bProceedings of the Second International Workshop on Unsaturated Soils, 23-25 June 2004, Anacapri, Italy
260 _bTaylor and Francis
260 _c2004
365 _a
365 _b240
856 _uhttp://www.taylorfrancis.com/books/9780429224584
942 _cEBOOK
999 _c1788682
_d1788682